Những trận đánh nổi tiếng thế giới

保存先:
書誌詳細
第一著者: Quỳnh Cư
フォーマット: 図書
言語:Undetermined
出版事項: Thành phố Hồ Chí Minh Thanh Niên 2006
主題:
タグ: タグ追加
タグなし, このレコードへの初めてのタグを付けませんか!
Thư viện lưu trữ: Trung tâm Học liệu Trường Đại học Cần Thơ
LEADER 00584nam a2200205Ia 4500
001 CTU_112613
008 210402s9999 xx 000 0 und d
020 |c 35000 
082 |a 895.92280358 
082 |b Qu609 
100 |a Quỳnh Cư 
245 0 |a Những trận đánh nổi tiếng thế giới 
245 0 |c Quỳnh Cư 
260 |a Thành phố Hồ Chí Minh 
260 |b Thanh Niên 
260 |c 2006 
650 |a War stories, vietnamese 
650 |y 21st century 
904 |i Minh 
980 |a Trung tâm Học liệu Trường Đại học Cần Thơ